Abonnés Instagram: Ligue 1 - Statistiques

Statistiques générales
  • Ce quiz a été pris 361 fois
    109 depuis la dernière actualisation
  • Le résultat moyen est 10 sur 18
Statistiques - réponses
% Correct
65.100.000 Paris Saint-Germain
100%
3.300.000 Olympique Marseille
96%
2.300.000 Olympique Lyon
95%
2.100.000 AS Monaco
84%
705.000 Lille OSC
84%
586.000 FC Nantes
67%
581.000 OGC Nice
63%
446.000 Stade Rennes
60%
414.000 Toulouse FC
54%
413.000 RC Lens
49%
351.000 Montpellier HSC
47%
346.000 Stade Brest
45%
114.000 Clermont Foot
39%
155.000 FC Lorient
35%
220.000 FC Metz
35%
116.000 Le Havre AC
33%
165.000 Stade Reims
33%
224.000 Racing Strasbourg
10%
Aucun quiz correspondant
Distribution des résultats
% des personnes avec chaque résultat
Percentile par nombre de réponses
Votre historique - résultats
Vous n’avez pas pris ce quiz depuis la dernière actualisation